000 00443nam a2200181Ia 4500
001 13227
005 20260306163038.0
008 260306t2007||||xx |||||||||||||| ||spa||
041 _aESP
082 _a001.42
_bC88
100 _aCreswell, John W.
_eAUT
245 0 _aDesigning and conducting mixed methods research
260 _c2007
300 _a275 páginas :
_c23 cm.
650 _aGEN
654 _aCHU
942 _cLIB
_dJUS
_fJUS
_2ddc
_n
999 _c13227
_d13227